000 01856nam a22003257a 4500
003 DO-SdBNP
005 20211126122402.0
007 ta
008 211124b2019 a|||e |||| 00| 0 spa d
020 _c(En trámite)
040 _aDO-SdBNP
_bspa
_cBNPHU
082 4 _222
_a343.0946
_bI5974
110 1 0 _aInstituto Universitario de Tráfico y Seguridad Vial de la Universidad de Valencia (INTRAS)
_980722
245 1 _aManual de conducción y seguridad vial :
_blicencia categoría 01. conocimientos específicos para la conducción de vehículos de motor de dos y tres ruedas /
_c(INTRAS)
260 _a[Santo Domingo] :
_bINTRANT,
_c2019.
300 _a87 p. :
_bil. ;
_c21 cm
505 _aParte1 . Requisitos para la conducción de vehículos de motor de dos y tres ruedas.
_t1.1 Requisitos previos --
_t1.2. Vehículos que autoriza a conducir las categorías 01a y 01b de licencias para la conducción --
_t1.3. La licencia de conducir de categoría 01a y 01b --
505 _aParte 2. El vehículo.
_t2.1. Componentes del vehículo --
_t2.2. El puesto de conducción --
_t2.3. La conducción --
505 _aParte 3. Reglas de conducción específicas : infracciones y sanciones.
_t3.1. Alcoholemia --
_t3.2. Circulación --
_t3.3. Sistemas de seguridad --
_t3.4. Especificaciones del trasnporte de pasajeros --
_t3.5. Especificaciones del transporte de carga --
590 _aInventariado. 2021 / SA
650 4 0 _977293
_aConducción de automóviles
_vManuales
650 4 0 _aConducción
_xVehículos de motor
_980757
650 4 0 _977294
_aSeñales de tránsito
_vManuales
650 4 0 _980740
_aSeguridad vial
_xEnseñanza
650 4 0 _977295
_aReglamentos de tránsito
_zRepública Dominicana
650 4 0 _977293
_aConducción de automóviles
_vManuales
700 _966541
_aSuárez, Jorge
_eColaborador
910 _aSaquino
942 _2ddc
_cLBS1
999 _c51029
_d51029